Taylor Swift mystery lyrics #101 - Statistics

General Stats
  • This quiz has been taken 63 times
  • The average score is 105 of 180
Answer Stats
Answer % Correct
A
98%
I
98%
you
98%
You
98%
the
93%
in
87%
it
87%
your
87%
and
84%
if
84%
me
84%
so
84%
So
84%
I'm
82%
on
82%
to
82%
be
80%
They
80%
you're
80%
like
76%
know
73%
up
71%
What
71%
what
71%
at
69%
look
69%
mine
69%
some
69%
as
67%
from
64%
time
64%
by
62%
had
60%
have
60%
one
60%
their
60%
are
58%
eyes
58%
not
58%
over
56%
looked
53%
more
53%
got
51%
only
51%
Out
51%
out
51%
wind
51%
feel
49%
now
49%
people's
49%
windows
49%
you'd
49%
Does
47%
still
44%
head
42%
met
42%
table
42%
case
40%
chances
40%
drink
40%
away
38%
deranged
38%
friends
38%
weirdo
38%
breath
36%
meant
36%
nice
36%
addicted
33%
Christmas
33%
death
33%
knowing
33%
outside
33%
parties
33%
rose
33%
tiniest
33%
wine
33%
catch
31%
died
31%
South
31%
south
31%
attend
29%
blowing
29%
downtown
29%
golden
29%
ponder
29%
stopped
29%
tilted
29%
alright
27%
boarded
27%
carried
27%
glows
27%
streets
27%
train
27%
afflicted
24%
faces
24%
North
24%
spied
24%
taken
24%
bound
22%
Transfixed
22%
feather
20%
searching
18%
tried
18%
No matching quizzes found
Score Distribution
Percent of People with Each Score
Percentile by Number Answered
Your Score History
You have not taken this quiz